Congresos científicos de 1891 (Record no. 167539)

MARC details
000 -LEADER
campo de control de longitud fija 00772nam a22001935i 4500
001 - NÚMERO DE CONTROL
campo de control 167539
003 - IDENTIFICADOR DE NÚMERO DE CONTROL
campo de control ES-MaACL
005 - FECHA Y HORA DE LA ÚLTIMA TRANSACCIÓN
campo de control 20250814013817.0
008 - DATOS DE LONGITUD FIJA--INFORMACIÓN GENERAL
campo de control de longitud fija 000724s1892 sp af |||| | spa d
040 ## - FUENTE DE CATALOGACIÓN
Centro catalogador/agencia de origen CCPB | B
Lengua de catalogación spa
Centro/agencia transcriptor CCPB | B
080 ## - NÚMERO DE LA CLASIFICACIÓN DECIMAL UNIVERSAL
Número de la Clasificación Decimal Universal 001(063)(44 Marsella)
100 1# - ENTRADA PRINCIPAL--NOMBRE DE PERSONA
Nombre de persona Vilanova y Piera, Juan,
Fechas asociadas al nombre 1821-1893
9 (RLIN) 114785
245 10 - MENCIÓN DEL TÍTULO
Título Congresos científicos de 1891
Resto del título : de Higiene y Demografía, en Londres; de la Sociedad Helvética de Ciencias, en Friburgo ... /
Mención de responsabilidad, etc. por Juan Vilanova y Piera.
260 ## - PUBLICACIÓN, DISTRIBUCIÓN, ETC.
Lugar de publicación, distribución, etc. Madrid :
Nombre del editor, distribuidor, etc. [s.n.],
Fecha de publicación, distribución, etc. 1892 (
Fabricante Imprenta de Ricardo Rojas)
300 ## - DESCRIPCIÓN FÍSICA
Extensión [4], 474, [1] p., [3] h. de grab. pleg. :
Otras características físicas il. ;
Dimensiones 24 cm.
650 07 - PUNTO DE ACCESO ADICIONAL DE MATERIA--TÉRMINO DE MATERIA
Término de materia o nombre geográfico como elemento de entrada Ciencias
Fuente del encabezamiento o término embne
9 (RLIN) 10971
852 ## - LOCALIZACIÓN
Ubicación ES-MaACL
Número de control de estantería F-13174
Nota libre -- Enc. hol.
Holdings
Estatus retirado Estado de pérdida Estado de daño No para préstamo Colección Biblioteca de origen Biblioteca actual Ubicación en estantería Fecha de adquisición Fuente de adquisición Total de préstamos Signatura topográfica completa Código de barras Visto por última vez Precio de reemplazo Tipo de ítem Koha
        Libros del s. XIX Biblioteca del Ateneo de Madrid Biblioteca del Ateneo de Madrid Sala Pecera Planta 2 17/01/2008     F-13174 1175764 23/02/2023 23/02/2023 Libro impreso antiguo